UBT Library

DREAMS AND REALITIES (Record no. 60568)

000 -LEADER
fixed length control field 00333nam a22001457a 4500
008 - FIXED-LENGTH DATA ELEMENTS--GENERAL INFORMATION
fixed length control field 240205b ||||| |||| 00| 0 eng d
020 ## - INTERNATIONAL STANDARD BOOK NUMBER
International Standard Book Number 1887457003
041 ## - LANGUAGE CODE
Language code of text/sound track or separate title eng
080 ## - UNIVERSAL DECIMAL CLASSIFICATION NUMBER
Edition identifier FIRST EDITION 2002
Universal Decimal Classification number 72
082 ## - DEWEY DECIMAL CLASSIFICATION NUMBER
Classification number 72DIC
100 ## - Rafti
Rafti 19
101 ## - Shkurtesa
Shkurtesa ART
245 ## - TITLE STATEMENT
Title DREAMS AND REALITIES
Statement of responsibility, etc EDWIN DICKINSON
942 ## - ADDED ENTRY ELEMENTS (KOHA)
Source of classification or shelving scheme
Item type Books
Holdings
Withdrawn status Lost status Source of classification or shelving scheme Damaged status Not for loan Collection code Permanent location Current location Date acquired Total Checkouts Full call number Barcode Date last seen Price effective from Koha item type
          Koleksioni i përgjithshem UBT - Lipjan UBT - Lipjan 02/05/2024   72DIC 002-800070512 02/05/2024 02/05/2024 Books
          Koleksioni i përgjithshem UBT - Lipjan UBT - Lipjan 02/05/2024   72DIC 002-800070513 02/05/2024 02/05/2024 Books
          Koleksioni i përgjithshem UBT - Lipjan UBT - Lipjan 02/05/2024   72DIC 002-800070514 02/05/2024 02/05/2024 Books
          Koleksioni i përgjithshem UBT - Lipjan UBT - Lipjan 02/05/2024   72DIC 002-800070515 02/05/2024 02/05/2024 Books
            UBT - Prishtine UBT - Prishtine 02/05/2024   72DIC 002-800070517 02/05/2024 02/05/2024 Books
            UBT - Prishtine UBT - Prishtine 02/05/2024   72DIC 002-800070518 02/05/2024 02/05/2024 Books
            UBT - Prishtine UBT - Prishtine 02/05/2024   72DIC 002-800070519 02/05/2024 02/05/2024 Books
            UBT - Prishtine UBT - Prishtine 02/05/2024   72DIC 002-800070585 02/05/2024 02/05/2024 Books
UBT Library © 2015-2024. All rights reserved University Education for Business and Technology